Rice almanac
Gorde:
| Erakunde egilea: | |
|---|---|
| Formatua: | Liburua |
| Hizkuntza: | Undetermined |
| Argitaratua: |
IRRI
1997
|
| Gaiak: | |
| Etiketak: |
Etiketa erantsi
Etiketarik gabe, Izan zaitez lehena erregistro honi etiketa jartzen!
|
| Thư viện lưu trữ: | Trung tâm Học liệu Trường Đại học Cần Thơ |
|---|
| LEADER | 00410nam a2200181Ia 4500 | ||
|---|---|---|---|
| 001 | CTU_122778 | ||
| 008 | 210402s9999 xx 000 0 und d | ||
| 082 | |a 633.18 | ||
| 082 | |b I.61 | ||
| 110 | |a IRRI | ||
| 245 | 0 | |a Rice almanac | |
| 245 | 0 | |c IRRI | |
| 260 | |b IRRI | ||
| 260 | |c 1997 | ||
| 650 | |a Rice | ||
| 650 | |x Almanac | ||
| 904 | |i M.Loan | ||
| 980 | |a Trung tâm Học liệu Trường Đại học Cần Thơ | ||